| 000 | 00649nam a2200193Ia 4500 | ||
|---|---|---|---|
| 003 | GCL | ||
| 008 | 140319s9999 xx 000 0 ara d | ||
| 040 |
_aGCL / _cGCL |
||
| 082 | 0 | 4 |
_a251.1 _bات |
| 100 | 1 | _aابى عبدالله محمد بن محمد | |
| 245 | 1 | 0 |
_aتسلية اهل المصائب / _cابى عبدالله محمد بن محمد |
| 260 |
_a[S.N] : _bدار الكتب العلمية للنشر والتوزيع ، _c1986 |
||
| 300 | _a252 ص | ||
| 490 | _a | ||
| 650 | 0 | 4 | _aالشريعة الاسلامية |
| 650 | 0 | 4 | _aالفقه الاسلامى |
| 650 | 0 | 4 | _aالاسلام - مبادىء عامة |
| 942 |
_2ddc _cBK |
||
| 999 |
_c58452 _d58452 |
||